000 01227cpmaa2200289 a 4500
001 mm 90006223
003 DLC
005 20260227111723.0
008 910718|||||||||||| eng
010 _amm 90006223
040 _aDLC
_cDLC
_dDLC
_edacs
_dDLC
072 7 _aW
_2lcmd
100 1 _aDunn, W. McKee
_q(William McKee),
_d1814-1887.
245 0 0 _aPetition recommending W. McKee Dunn,
_f1864.
300 _a1
_fitem.
506 0 _aOpen to research.
520 8 _aPetition (1864 July) signed by members of Congress and sent to Abraham Lincoln in July 1864 recommending Dunn as assistant judge advocate general with the rank of colonel.
545 0 _aU.S. Army officer and U.S. representative from Indiana.
546 _aCollection material in English.
580 _aForms part of: Miscellaneous Manuscripts collection.
600 1 0 _aLincoln, Abraham,
_d1809-1865.
651 0 _aUnited States
_xHistory
_yCivil War, 1861-1865.
656 7 _aArmy officers.
_2itoamc
656 7 _aRepresentatives, U.S. Congress
_zIndiana.
_2itoamc
999 _c44233
_d44233